Savundaryaya saha thera therani gee

Saved in:
Bibliographic Details
Main Author: Rathanasiri himi, Kapugollave
Format: Book
Published: Pannipitiya Chaga Publishers 2006
Tags: Add Tag
No Tags, Be the first to tag this record!

MARC

LEADER 00000nam a2200000 a 4500
020 |a 9789551234073 
100 |a Rathanasiri himi, Kapugollave 
245 |a Savundaryaya saha thera therani gee 
260 |a Pannipitiya  |b Chaga Publishers  |c 2006 
300 |a 100p. ; 21cm. 
942 |c AFW 
999 |c 173550  |d 173550